00700nam a2200205Ia 4500001002100000003000900021008004100030040002300071041001300094100002000107240002200127245007500149250001500224260002800239300001900267490003000286501012400316700002400440700003000464230-WAR vi mi (6038)IT-MiSPE171229s9999||||xx |||||||||||||| ||und|| aIT-MiSPEcIT-MiSPE aITALIANO aViktor Warnach  aChristusmysterium 0aIl Mistero di CristobUna sintesi alla luce della teologia dei misteri a1a ed. (v) aRomabEd. Paolinec1983 a253 p. c22 cm aProspettive teologichev3 aEdizioni San Paolo srl - Piazza Soncino, 5 - 20092 CINISELLO BALSAMO (MI) (non commercial uses only) ® Copyright 2018 aBurkhard Neunheuser aCarlo Dannag(traduzione)